000 00968nam a2200229Ia 4500
003 Ost
005 20260507075039.0
008 260507s9999||||xx |||||||||||||| ||und||
040 _cfsecg
041 _aara
082 _a330
100 _aمصطفى، نهال فريد
_eمؤلف
245 0 _aمبادئ وأساسيات الادارة المالية /
_c نهال فريد مصطفى
260 _aالاسكندرية:
_bدار الجامعة الجديدة للنشر,
_c2003
300 _a299 صفحة؛
_bإيضاحات ؛
_c23 سم
504 _aببلوغرافيا ص.313
520 _aمقدمة في الادارة المالية،التخطيط والتنبؤ المالي،ادارة رأس المال العامل،قرارات الإنفاق الرأسمالي،الهيكل المالي وتكلفة الأموال
653 _aالادارة المالية
653 _aالتخطيط
653 _aرأس المال
942 _cكتاب
999 _c42490
_d42490